Algunas rimas castellanas del abad Antonio de Maluenda / (Record no. 158594)
[ view plain ]
| 000 -LEADER | |
|---|---|
| campo de control de longitud fija | 01390nam a2200289 i 4500 |
| 001 - NÚMERO DE CONTROL | |
| campo de control | 158594 |
| 003 - IDENTIFICADOR DE NÚMERO DE CONTROL | |
| campo de control | ES-MaACL |
| 005 - FECHA Y HORA DE LA ÚLTIMA TRANSACCIÓN | |
| campo de control | 20240228204516.0 |
| 008 - DATOS DE LONGITUD FIJA--INFORMACIÓN GENERAL | |
| campo de control de longitud fija | 990311s1892 sp |||| | spa d |
| 080 ## - NÚMERO DE LA CLASIFICACIÓN DECIMAL UNIVERSAL | |
| Número de la Clasificación Decimal Universal | 821.134.2-14"15" |
| 100 1# - ENTRADA PRINCIPAL--NOMBRE DE PERSONA | |
| Nombre de persona | Maluenda, Antonio de. |
| 9 (RLIN) | 129400 |
| 245 10 - MENCIÓN DEL TÍTULO | |
| Título | Algunas rimas castellanas del abad Antonio de Maluenda / |
| Mención de responsabilidad, etc. | descubriólas entre los manuscritos de la Biblioteca Nacional de Madrid Juan Pérez de Guzmán y Gallo ; y los publica por vez primera, bajo los auspicios del Señor Manuel Pérez de Guzmán y Boza, marqués de Xerez de los Caballeros ... |
| 260 ## - PUBLICACIÓN, DISTRIBUCIÓN, ETC. | |
| Lugar de publicación, distribución, etc. | Sevilla : |
| Nombre del editor, distribuidor, etc. | [s.n.], |
| Fecha de publicación, distribución, etc. | 1892 ( |
| Fabricante | Imp. de E. Rasco) |
| 300 ## - DESCRIPCIÓN FÍSICA | |
| Extensión | LX, 151 p. ; |
| Dimensiones | 18 cm. |
| 490 1# - MENCIÓN DE SERIE | |
| Mención de serie | Bajo los Austrias. Poemas castellanos inéditos |
| 530 ## - NOTA DISPONIBLE DE FORMULARIO FÍSICO ADICIONAL | |
| Nota de formato físico adicional disponible | Disponible en formato digital. |
| 595 ## - | |
| -- | Ejempl. n. 63 de una tirada de 100. |
| 596 ## - NOTA AL PIE DE IMPRENTA | |
| NOTA AL PIE DE IMPRENTA | Marca tip. en colofón. |
| 597 ## - NOTA DE DESCRIPCIÓN FÍSICA | |
| NOTA DE DESCRIPCIÓN FÍSICA | Antep. |
| 597 ## - NOTA DE DESCRIPCIÓN FÍSICA | |
| NOTA DE DESCRIPCIÓN FÍSICA | Port. con esc. xil. |
| 700 1# - ENTRADA AGREGADA--NOMBRE PERSONAL | |
| Nombre de persona | Pérez de Guzmán y Boza, Manuel, |
| Títulos y otros términos asociados al nombre | Marqués de Jerez de los Caballeros. |
| 9 (RLIN) | 128298 |
| 700 1# - ENTRADA AGREGADA--NOMBRE PERSONAL | |
| Nombre de persona | Pérez de Guzmán y Gallo, Juan, |
| Fechas asociadas al nombre | 1841-1928 |
| 9 (RLIN) | 90777 |
| 830 0# - PUNTO DE ACCESO ADICIONAL DE SERIE-TÍTULO UNIFORME | |
| Título uniforme | Bajo los Austrias. Poemas castellanos inéditos |
| 9 (RLIN) | 221873 |
| 852 ## - LOCALIZACIÓN | |
| Ubicación | ES-MaACL |
| Número de control de estantería | G-14727 |
| Nota libre | - Enc. perg. |
| -- | - Es el ejemplar n. 23 |
| 856 ## - LOCALIZACIÓN Y ACCESO ELECTRÓNICOS | |
| Identificador Uniforme de Recursos | <a href="http://bdh-rd.bne.es/viewer.vm?id=0000121394&page=1 ">http://bdh-rd.bne.es/viewer.vm?id=0000121394&page=1 </a> |
| Nota pública | Biblioteca Digital Hispánica |
| Estatus retirado | Estado de pérdida | Estado de daño | No para préstamo | Colección | Biblioteca de origen | Biblioteca actual | Ubicación en estantería | Fecha de adquisición | Fuente de adquisición | Total de préstamos | Signatura topográfica completa | Código de barras | Visto por última vez | Precio de reemplazo | Tipo de ítem Koha |
|---|---|---|---|---|---|---|---|---|---|---|---|---|---|---|---|
| Colección digital | Biblioteca del Ateneo de Madrid | Biblioteca del Ateneo de Madrid | Sala Pecera Planta 3 | 17/01/2008 | G-14727 | 1165997 | 23/02/2023 | 23/02/2023 | Libro impreso antiguo |
